Design of an Optical Physical Access Layer Firmware Module for the FC7-testboard Based at CERN / (Record no. 528152)

000 -LEADER
fixed length control field 00611nam a22001697a 4500
020 ## - INTERNATIONAL STANDARD BOOK NUMBER
Qualifying information HBK.
082 ## - DEWEY DECIMAL CLASSIFICATION NUMBER
Classification number 621.3
100 ## - MAIN ENTRY--PERSONAL NAME
Personal name Kanwal, Alishba
245 ## - TITLE STATEMENT
Title Design of an Optical Physical Access Layer Firmware Module for the FC7-testboard Based at CERN /
Statement of responsibility, etc. Alishba Kanwal.
260 ## - PUBLICATION, DISTRIBUTION, ETC.
Place of publication, distribution, etc. Islamabad:
Name of publisher, distributor, etc. SEECS - NUST,
Date of publication, distribution, etc. 2018.
300 ## - PHYSICAL DESCRIPTION
Extent 49 p. : ill. ;
Dimensions 30cm.
650 ## - SUBJECT ADDED ENTRY--TOPICAL TERM
Topical term or geographic name entry element Electrical Engineering - MS Thesis.
700 ## - ADDED ENTRY--PERSONAL NAME
Personal name Dr. Awais Mehmood Kamboh.
856 ## - Uniform Resource Identifier
Uniform Resource Identifier <a href="http://10.250.8.41:8080/xmlui/handle/123456789/13045">http://10.250.8.41:8080/xmlui/handle/123456789/13045</a>
942 ## - ADDED ENTRY ELEMENTS (KOHA)
Source of classification or shelving scheme
Koha item type Thesis
650 ## - SUBJECT ADDED ENTRY--TOPICAL TERM
-- 16073
700 ## - ADDED ENTRY--PERSONAL NAME
-- 19312
Holdings
Withdrawn status Lost status Source of classification or shelving scheme Damaged status Not for loan Permanent Location Current Location Shelving location Date acquired Total Checkouts Full call number Barcode Date last seen Price effective from Koha item type
          Central Library (CL) Central Library (CL) Thesis 08/30/2019   621.3 CL-T-3168 08/30/2019 08/30/2019 Thesis
© 2023 Central Library, National University of Sciences and Technology. All Rights Reserved.